Synthetic reagents. V 1. (Record no. 25615)

MARC details
000 -LEADER
fixed length control field 00272nam a2200109Ia 4500
082 ## - DEWEY DECIMAL CLASSIFICATION NUMBER
Classification number 054.4
Item number PIZ.1
100 ## - MAIN ENTRY--AUTHOR NAME
Personal name Pizey, S S
245 #0 - TITLE STATEMENT
Title Synthetic reagents. V 1.
260 ## - PUBLICATION, DISTRIBUTION, ETC. (IMPRINT)
Place of publication Chichester
Name of publisher Ellis Horwood
Year of publication 1974
942 ## - ADDED ENTRY ELEMENTS (KOHA)
Koha item type Books
Holdings
Withdrawn status Lost status Damaged status Not for loan Home library Current library Date acquired Cost, normal purchase price Full call number Accession Number Koha item type
        RRII Library RRII Library 16/12/2021 45.00 054.4 PIZ.1 06270 Books